Yancuitlalpan : (Record no. 110735)

MARC details
000 -CABECERA
campo de control de longitud fija 00792nam a2200217 a 4500
005 - FECHA Y HORA DE LA ÚLTIMA TRANSACCIÓN
campo de control 20240524063658.0
008 - ELEMENTOS DE LONGITUD FIJA--INFORMACIÓN GENERAL
campo de control de longitud fija 050511s1994 mx r 000 0 spa d
020 ## - NÚMERO INTERNACIONAL NORMALIZADO PARA LIBROS
Número Internacional Estándar del Libro 9706204911
035 ## - NÚMERO DE CONTROL DEL SISTEMA
Número de control de sistema UPN01000138587
049 ## - COLECCIÓN
Colección CG
050 #4 - SIGNATURA TOPOGRÁFICA DE LA BIBLIOTECA DEL CONGRESO
Número de clasificación F1391 Y3
Número de documento/Ítem M8.9
100 1# - ASIENTO PRINCIPAL--NOMBRE PERSONAL
Nombre de persona Muñoz Cruz, Héctor
9 (RLIN) 29567
245 10 - MENCIÓN DE TÍTULO
Título Yancuitlalpan :
Resto del título tradición y discurso ritual /
Mención de responsabilidad, etc. Héctor Muñoz Cruz, Rossana Podestá Siri.
260 ## - PUBLICACIÓN, DISTRIBUCIÓN, ETC.
Lugar de publicación, distribución, etc. México :
Nombre del editor, distribuidor, etc. UAM-Azcapotzalco, División de Ciencias Sociales y Humanidades,
Fecha de publicación, distribución, etc. 1994.
300 ## - DESCRIPCIÓN FÍSICA
Extensión 205 p.
440 #0 - MENCIÓN DE SERIE/ASIENTO SECUNDARIO--TÍTULO
Título Iztapalapa : texto y contexto ;
Designación de volumen o secuencia 19
651 #4 - ASIENTO SECUNDARIO DE MATERIA - NOMBRE GEOGRAFICO
Nombre geográfico YANCUITLALPAN, PUEBLA -
Subdivisión general VIDA SOCIAL Y COSTUMBRES
9 (RLIN) 16267
650 #4 - ASIENTO SECUNDARIO DE MATERIA - TERMINO TEMATICO
Término de materia o nombre geográfico como elemento de entrada Indígenas de México
Subdivisión geográfica Puebla
Subdivisión general Lenguas
9 (RLIN) 16266
700 1# - ASIENTO SECUNDARIO--NOMBRE DE PERSONAL
Nombre de persona Podestá Siri, Rossana Stella,
Término indicativo de función/relación coaut.
9 (RLIN) 37608
905 ## - TIPO DE MATERIAL
Tipo de material Libro
Holdings
Estado de retiro Estado de pérdida Fuente del sistema de clasificación o colocación Estado dañado Restricciones de uso No para préstamo Código de colección Localización permanente Ubicación/localización actual Ubicación en estantería Fecha de adquisición Total de préstamos Clasificación Código de barras Fecha visto por última vez Número de copia Tipo de ítem Koha
    Library of Congress Classification   Préstamo por horas   Bibliografía básica Bib. Gregorio Torres Quintero Bib. Gregorio Torres Quintero Colecciones especiales Planta alta 30/01/2023 1 F1391 Y3 M8.9 198680 31/12/2020 1 Libro por horas